|
|
|
|
| LEADER |
00000cam a2200000 i 4500 |
| 001 |
1/28269 |
| 008 |
060414s1981 gr | ||| |||| ||gre|| |
| 035 |
|
|
|l 10083612
|
| 040 |
|
|
|a GR-MyUA
|b gre
|e AACR2
|
| 041 |
0 |
|
|a gre
|
| 082 |
0 |
|
|a 938.764
|2 (22)
|
| 100 |
1 |
|
|a Καινούργιος, Χρήστος Δημ.,
|d 1916-2000.
|
| 245 |
1 |
0 |
|a Δάφνες και δάκρυα :
|b ιστορίες απο την εθνική αντίσταση στη βορειοδυτική Ελλάδα 1941-1945, ΕΑΜ-ΕΛΑΣ, ΕΔΕΣ, Αγγλοι /
|c Χρήστου Δημ. Καινούργιου (Βρασίδα).
|
| 260 |
|
|
|a Αθήνα :
|b Ιωλκός,
|c 1981.
|
| 300 |
|
|
|a 563 σ. :
|b εικ. ;
|c 21 εκ.
|
| 650 |
0 |
0 |
|a World War, 1939-1945
|x Underground movements
|z Greece.
|
| 651 |
|
0 |
|a Greece
|x History
|y Occupation, 1941-1944.
|
| 852 |
|
|
|a INST
|b SAMOS
|e 20060414
|h 938.764 ΚΑΙ
|p 005300023043
|q 005300023043
|t BK
|y 0
|
| 901 |
|
|
|a BIBL3-2006-1
|
| 909 |
|
|
|a Σ
|b 107602
|
| 970 |
|
|
|a ΚΟΣΙΕΡΗΣ
|b ΧΡΗΣΤΟΣ
|z 2006/04/14
|